Marvel Rivals: Jeff the Land Shark Skins by Picture - Statistics

General Stats
  • This quiz has been taken 13 times
  • The average score is 6 of 9
Answer Stats
Picture Answer % Correct
Adopted Avenger
100%
Cuddly Fuzzlefin
83%
Business Shark
67%
Incognito Dolphin
67%
Jeff O'Lantern
67%
Devouring Duo
50%
Sunshine Land Shark
50%
Blue Barrage
33%
Verdant Vortex
33%
No matching quizzes found
Score Distribution
Percent of People with Each Score
Percentile by Number Answered
Your Score History
You have not taken this quiz